000
00301nam a22001337a 4500
008
180927b xxu||||| |||| 00| 0 eng d
020
_a
9780875813929
041
_a
eng
080
_2
5th
_a
159.9
100
_a
48
101
_a
PSI
245
_a
Current Psychotherapies
_c
Corsini,R.J
942
_2
udc
_c
BK
999
_c
48598
_d
48598